000 01087cas a22002175a 4500
008 120330c2010 xxkar ss eng u
035 _a(Sirsi) u155660
041 0 _aeng
110 2 _aDTZ
245 0 0 _aProperty Times Singapore Residential Demand
_h[electronic resource]
260 _a[S.l.]
_bDTZ
_c2010
362 0 _a2010-
490 0 _aDTZ Property Times Singapore Residential Demand
_v2010
520 _aProvides provides an insight into the profiles of the buyers of private residential properties in Singapore both in the primary and secondary market s. The transactional demand analysis is based on caveats lodged for new and secondary sales.
554 _aFour per year
650 2 4 _aDTZ Property Times Singapore Residential Demand
651 4 _aSingapore
690 _aResidential property
_96266
856 4 0 _uhttps://www.dtz.com/Global/Research
_zView the report free of charge after free registration (tick Asia-Pacific on the geography tab, tick Singapore on the country tab, type residential in the keyword box and click on search) at www.dtz.com
942 _n0
999 _c119371
_d119371